| 000 | 00461nam a2200169 a 4500 | ||
|---|---|---|---|
| 005 | 20140412111244.0 | ||
| 008 | 010809s19uu xx 00 eng d | ||
| 020 | _a971-785-001-1 | ||
| 050 |
_aTR(GS 158.1 _bV234 1998 |
||
| 100 | _aValentine, James Lee | ||
| 245 |
_aThe power of life / _cJames Lee Valentine. |
||
| 260 |
_aMakati, Philippines : _b[s.n.], _c1998. |
||
| 300 | _a32p. | ||
| 650 | _aPositive thinking | ||
| 650 | _aPsychology | ||
| 999 |
_c102844 _d102844 |
||